000 00812cam a2200265 a 4500
001 2351746
003 OSt
005 20230620142220.0
008 831130s1984 dcua b 001 0 eng
010 _a 83026151
020 _a0871873044 (pbk.) :
_c$11.95
040 _aDLC
_cDLC
_dDLC
043 _an-us---
050 0 0 _aJK2261
_b.P74 1984
082 0 0 _a324.273
_219
_bPRI
100 1 _aPrice, David Eugene.
245 1 0 _aBringing back the parties /
_cDavid E. Price.
260 _aWashington, D.C. :
_bCQ Press,
_cc1984.
300 _axiv, 314 p. :
_bill. ;
_c23 cm.
504 _aIncludes bibliographies and index.
650 0 _aPolitical parties
_zUnited States.
651 0 _aUnited States
_xPolitics and government
_y1945-1989.
906 _a7
_bcbc
_corignew
_d1
_eocip
_f19
_gy-gencatlg
942 _2ddc
_cBK
999 _c1777
_d1777